000 00907nam a2200265 a 4500
001 66271
003 BD-RjUL
005 20211209081522.0
008 170315s1977 us a 001 0 eng d
020 _a0205055753 :
035 _a(BD-RjUL)66401
040 _aDLC
_cDLC
_dDLC
_dBD-RjUL
_beng
041 _aeng
082 0 0 _a150.182
_223
_bINI 1977
100 1 _aInsko, Chester A.
_9196144
245 1 0 _aIntroductory statistics for psychology /
_cChester A. Insko and Douglas W. Schoeninger.
250 _a2d ed.
260 _aBoston :
_bAllyn and Bacon,
_cc1977.
300 _ax, 450 p. :
_bill. ;
_c24 cm.
500 _aFirst ed. by D. W. Schoeninger and C. A. Insko published in 1971 under title: Introductory statistics for the behavioral sciences.
500 _aIncludes index.
650 0 _aPsychometrics.
_9195699
700 1 _aSchoeninger, Douglas W.,
_ejoint author.
_9196145
942 _2ddc
_cBK
999 _c66271
_d66271